UBT Library

Feeds and feeding; (Record no. 42547)

000 -LEADER
fixed length control field 00666cam a22002171 4500
001 - CONTROL NUMBER
control field 9287544
005 - DATE AND TIME OF LATEST TRANSACTION
control field 20180215031712.0
008 - FIXED-LENGTH DATA ELEMENTS--GENERAL INFORMATION
fixed length control field 770907s1948 nyua b 000 0 eng c
010 ## - LIBRARY OF CONGRESS CONTROL NUMBER
LC control number agr48000530
035 ## - SYSTEM CONTROL NUMBER
System control number (OCoLC)3248256
040 ## - CATALOGING SOURCE
Original cataloging agency U.S. Dept. of Agr., Libr.
Transcribing agency OC
Modifying agency NcRS
-- DLC
041 ## - LANGUAGE CODE
Language code of text/sound track or separate title eng
080 ## - UNIVERSAL DECIMAL CLASSIFICATION NUMBER
Universal Decimal Classification number 636.085 MOR
082 ## - DEWEY DECIMAL CLASSIFICATION NUMBER
Classification number 636.085 MOR
100 1# - Rafti
Rafti 10
101 ## - Shkurtesa
Shkurtesa NUT
245 10 - TITLE STATEMENT
Title Feeds and feeding;
Statement of responsibility, etc by Frank B. Morrison, assisted by Elsie B. Morrison [and others]
504 ## - BIBLIOGRAPHY, ETC. NOTE
Bibliography, etc "References" at end of each chapter.
906 ## - LOCAL DATA ELEMENT F, LDF (RLIN)
a 7
b cbc
c oclcrpl
d u
e ncip
f 19
g y-gencatlg
942 ## - ADDED ENTRY ELEMENTS (KOHA)
Source of classification or shelving scheme
Item type Books
Holdings
Withdrawn status Lost status Source of classification or shelving scheme Damaged status Not for loan Collection code Permanent location Current location Shelving location Date acquired Total Checkouts Full call number Barcode Date last seen Price effective from Koha item type
          Koleksioni i përgjithshem UBT - Lipjan UBT - Lipjan Koleksioni i përgjithshem 02/15/2018   636.085 MOR 002-2998539 02/15/2018 02/15/2018 Books
UBT Library © 2015-2024. All rights reserved University Education for Business and Technology